Africa's transport infrastructure.

Bibliographic Details
Main Author: Gwilliam
Format: Book
Published: Washington: The World Bank, 2011.
Series:Africa development forum services
Subjects:
LEADER 00543cam a2200181 7i4500
001 0000026618
005 20110714090000.0
020 0 0 |a 9780821384565  
090 0 0 |a AFRI 388.096   |b GWI 
100 1 0 |a Gwilliam  
245 1 0 |a Africa's transport infrastructure. 
260 0 0 |a Washington:   |b The World Bank,   |c 2011. 
300 # # |a 536 p. 
440 0 0 |a Africa development forum services 
650 0 0 |a Transportation --   |z Africa  
650 0 0 |a Infrastructure (Economics) --   |z Africa  
651 0 0 |a Africa  
999 |a 0000028808  |b Book  |c Regions  |e Business Information Centre